000 00760cam a22002658a 4500
999 _c258
_d258
001 ocm56319430
003 ALUPE UNIVERSITY
005 20210610105147.0
008 040728s2005 onc b 000 0 eng
016 _a20049047876
020 _a0176415025
040 _aNLC
_beng
_cNLC
_dOCLCQ
049 _aJF0A
055 3 _aD860
_bC76 2004
090 _aD860
_b.C76 2005
245 0 0 _aCrosscurrents :
_binternational relations /
_cedited by Mark Charlton.
246 3 0 _aInternational relations.
250 _a4th ed.
260 _aToronto :
_bNelson,
_c2005.
300 _axi, 485 p. ;
_c23 cm.
504 _aIncludes bibliographical references.
650 0 _aInternational relations.
700 1 _aCharlton, Mark William,
_d1948-
942 _2lcc
_cBK
_nDO